ggplot2: Elegant Graphics for Data Analysis 2/e
Saved in:
| Main Author: | |
|---|---|
| Format: | Book |
| Published: |
Springer
|
| Tags: |
No Tags, Be the first to tag this record!
|
MARC
| LEADER | 00000nam a2200000Ia 4500 | ||
|---|---|---|---|
| 005 | 20260513122049.0 | ||
| 020 | |a 9783319242750 | ||
| 100 | |a Wickham | ||
| 365 | |c € | ||
| 365 | |b 28.00 | ||
| 942 | |c BK | ||
| 245 | |a ggplot2: Elegant Graphics for Data Analysis 2/e | ||
| 260 | |b Springer | ||
| 999 | |c 12 |d 12 | ||
| 952 | |0 0 |1 0 |4 0 |7 0 |a UNSW |b UNSW |d 2026-05-08 |g 64.99 |i 16697 |l 0 |p 000148 |r 2026-05-13 12:20:49 |v 64.99 |w 2026-05-13 |y BK | ||